000 00359cam a22000977a 4500
008 180718b1985 xxu||||| |||| 00| 0 eng d
082 _aA8x5443 P
245 _aStatistical pocket book of the Union Territory of Goa, Daman and Diu
_cby Directorate of Planning, Statistics and Evaluation
260 _aPanaji
_bGovernment of Goa,Daman and Diu
_c1985
300 _a267p.
999 _c503479
_d503479